Formación civica y etica. (Registro nro. 31857)
[ vista simple ]
| 000 -LEADER | |
|---|---|
| fixed length control field | 00580nam a2200217 a 4500 |
| 001 - CONTROL NUMBER | |
| control field | 31857 |
| 005 - DATE AND TIME OF LATEST TRANSACTION | |
| control field | 20180713235344.0 |
| 008 - FIXED-LENGTH DATA ELEMENTS--GENERAL INFORMATION | |
| fixed length control field | 140415s2008 mx 000 0 spa d |
| 020 ## - INTERNATIONAL STANDARD BOOK NUMBER | |
| International Standard Book Number | 9786070101007 |
| 041 ## - LANGUAGE CODE | |
| Language code of text/sound track or separate title | spa |
| 082 ## - DEWEY DECIMAL CLASSIFICATION NUMBER | |
| Classification number | 170 |
| Item number | MED |
| 100 1# - MAIN ENTRY--PERSONAL NAME | |
| Personal name | Medina, Jorge |
| Relator term | autor |
| 245 10 - TITLE STATEMENT | |
| Title | Formación civica y etica. |
| 250 ## - EDITION STATEMENT | |
| Edition statement | Primera edició |
| 260 ## - PUBLICATION, DISTRIBUTION, ETC. | |
| Place of publication, distribution, etc. | México : |
| Name of publisher, distributor, etc. | Santillana, |
| Date of publication, distribution, etc. | 2008. |
| 300 ## - PHYSICAL DESCRIPTION | |
| Extent | 272 Páginas ; |
| Dimensions | 26 cm. |
| 336 ## - CONTENT TYPE | |
| Content type term | texto |
| Source | rdaconten |
| 337 ## - MEDIA TYPE | |
| Media type term | sin mediación |
| Source | rdamedia |
| 338 ## - CARRIER TYPE | |
| Carrier type term | volumen |
| Source | rdacarrier |
| 650 14 - SUBJECT ADDED ENTRY--TOPICAL TERM | |
| Topical term or geographic name entry element | ETICA |
| Withdrawn status | Lost status | Source of classification or shelving scheme | Damaged status | Not for loan | Collection code | Home library | Current library | Shelving location | Date acquired | Source of acquisition | Total Checkouts | Full call number | Barcode | Date last seen | Price effective from | Koha item type |
|---|---|---|---|---|---|---|---|---|---|---|---|---|---|---|---|---|
| Dewey Decimal Classification | General | Tehuacán | Tehuacán | Sala general | 03/12/2013 | Compra | 170 MED 2008 | 506683 | 08/01/2025 | 19/01/2017 | Libro |